000 01668nam a2200241Ia 4500
008 260220t1978||||xx |||||||||||||| ||spa||
040 _aPY-SlUNAC
_bspa
_erda
041 _aspa
082 _a813
_bC867g
100 _aCrichton, Michael
_eAutor
245 0 _aEl gran robo del tren /
_cpor Michael Crichton [Autor]
264 _aBarcelona :
_bCírculo de Lectores,
_c℗1978.
300 _a1 volumen
520 _aEn "El gran robo del tren", Michael Crichton narra la audaz historia de un asalto a un tren en el siglo XIX, centrada en un grupo de criminales que planea robar un valioso cargamento de oro. A través de una combinación de ingenio y tecnología de la época, los protagonistas deben superar desafíos logísticos y estratégicos para llevar a cabo su plan. La novela destaca por su atención al detalle histórico y técnico, reflejando la dinámica del transporte ferroviario y la innovación industrial de la época. Crichton entrelaza su narrativa con elementos de suspenso y acción, creando un ambiente tenso que mantiene al lector enganchado. A medida que los personajes enfrentan obstáculos imprevistos, se exploran temas como la avaricia, la traición y la moralidad en el contexto de un mundo en transformación. Este relato no solo entretiene, sino que también ofrece una reflexión sobre la ambición humana y las consecuencias de la codicia en un entorno en constante evolución.
653 _aFicción
653 _aLiteratura de aventuras
653 _aNovela
942 _b2026/02/17
_cBK
999 _c8990
_d8990